000 00871nam a2200277Ia 4500
003 OSt
005 20221005090457.0
006 a|||||r|||| 00| 0
007 ta
008 221004b |||||||| |||| 00| 0 eng d
020 _a0824719644
_c8973.45
024 _a85176
037 _b232/05-06, 28/03/2006, N. R. Book Distributors
_cTextual
040 _aCRL
_cCRL
_beng
041 _2eng
_aeng
082 _aG11:(E9G), N9
100 _aLaskin Jeffrey D.
_9615338
245 0 _aCellular and Molecular Biology of Nitric Oxide
260 _aNew York
_bMarcel Dekker U. S. A.
_c1999
300 _a388p.
_ccm.
650 _a GEOLOGY
650 _aBIOCHEMISTRY
700 _a Laskin Debra L.
_9615339
942 _hG11:(E9G), N9
_cTEXL
_2cc
999 _c995878
_d995878